000 00380nam a2200145Ia 4500
008 230312s9999||||xx |||||||||||||| ||und||
020 _a0-534-36009-2
082 _a005.74
_bMIN
100 _aMinitab
245 0 _aMinitab Student Version
260 _bDuxbury Press
_aLondon
_c1998
546 _aEng.
650 _aComputer
_vMinitab Essentials , Managing Data
942 _cBK
999 _c2998
_d2998